| 000 | 00664nam a22002297a 4500 | ||
|---|---|---|---|
| 001 | BD-DhSAU 849 | ||
| 003 | BD-DhSAU | ||
| 005 | 20150107013338.0 | ||
| 008 | 150107b xxu||||| |||| 00| 0 eng d | ||
| 020 | _a9789893321923 | ||
| 040 | _aBD-DhSAU | ||
| 082 |
_222 _a330.95492 _bKHB |
||
| 100 | _akhan, Md. Shamsul Kabir | ||
| 245 |
_aBangladesh studies / _cBy Md. Shamsul kabir khan and Dr. Daulatunnaher khanam |
||
| 260 |
_aDhaka : _bChaity chayon prokashoni ; _cc2011. |
||
| 300 |
_axv, 564 p.: _c21 cm. |
||
| 504 | _aIncludes bibliography | ||
| 590 | _aIMRAN | ||
| 650 | _aEconomics | ||
| 650 | _aBangladesh studies | ||
| 700 | _akhanam, Dr. Daulatunnaher | ||
| 942 |
_2ddc _cBOOK |
||
| 999 |
_c849 _d849 |
||